LIBRARY ONLINE CATALOGUE

Business and managerial economics [ in the global context] / (Record no. 1615)

MARC details
000 -LEADER
fixed length control field 00693cam a22002172 4500
001 - CONTROL NUMBER
control field 0000021032
005 - DATE AND TIME OF LATEST TRANSACTION
control field 20151021152604.0
008 - FIXED-LENGTH DATA ELEMENTS--GENERAL INFORMATION
fixed length control field 120109s xx 000 0 eng d
020 ## - INTERNATIONAL STANDARD BOOK NUMBER
International Standard Book Number 8173811547 :
040 ## - CATALOGING SOURCE
Original cataloging agency KABU
Transcribing agency KABU
100 1# - MAIN ENTRY--PERSONAL NAME
Personal name Mukherjee, Sampat.
-- 0000149965
245 10 - TITLE STATEMENT
Title Business and managerial economics [ in the global context] /
Statement of responsibility, etc. Sampat Mukherjee.
250 ## - EDITION STATEMENT
Edition statement 3rd ed.
260 ## - PUBLICATION, DISTRIBUTION, ETC. (IMPRINT)
Place of publication, distribution, etc. Kolkota, India :
Name of publisher, distributor, etc. New Central Book Agency,
Date of publication, distribution, etc. 1996.
300 ## - PHYSICAL DESCRIPTION
Extent viii, 902 p.
650 #0 - SUBJECT ADDED ENTRY--TOPICAL TERM
Topical term or geographic name as entry element Business.
-- 0000149956
650 #0 - SUBJECT ADDED ENTRY--TOPICAL TERM
Topical term or geographic name as entry element Managerial economics.
-- 0000150546
852 1# - LOCATION
-- p750 KES
908 ## - PUT COMMAND PARAMETER (RLIN)
Put command parameter 120109
950 ## - LOCAL HOLDINGS (RLIN)
-- 1
Holdings
Withdrawn status Lost status Source of classification or shelving scheme Not for loan Home library Current library Date acquired Total Checkouts Full call number Barcode Date last seen Date last checked out Copy number Price effective from Koha item type
    Library of Congress Classification   Kabarak, Main Campus Kabarak, Main Campus 21/10/2015 2 HD30.22 .M85 1996 c. 1 20194 02/08/2024 03/12/2019 c.1 21/10/2015 General Collection